<?xml version="1.0" encoding="UTF-8"?>
<collection xmlns="http://www.loc.gov/MARC21/slim">
  <record>
    <leader>00000nam  2200000   4500</leader>
    <controlfield tag="001">INLIS000000000009180</controlfield>
    <controlfield tag="005">20250808042150</controlfield>
    <datafield tag="035" ind1="#" ind2="#">
      <subfield code="a">0010-0920000082</subfield>
    </datafield>
    <controlfield tag="008">250808################g##########0#ind##</controlfield>
    <datafield tag="020" ind1="#" ind2="#">
      <subfield code="a">978 602 8479 71 4</subfield>
    </datafield>
    <datafield tag="082" ind1="#" ind2="#">
      <subfield code="a">370.152 3</subfield>
    </datafield>
    <datafield tag="084" ind1="#" ind2="#">
      <subfield code="a">370.152 3 WID e</subfield>
    </datafield>
    <datafield tag="084" ind1="#" ind2="#">
      <subfield code="a">371.26 EKO e</subfield>
    </datafield>
    <datafield tag="100" ind1=" " ind2="#">
      <subfield code="a">Widoyoko, S. Eko Putra</subfield>
    </datafield>
    <datafield tag="245" ind1="1" ind2="#">
      <subfield code="a">Evaluasi Program Pembelajaran :</subfield>
      <subfield code="b">Panduan Ppraktis bagi Pendidik dan Calon Pendidik /</subfield>
      <subfield code="c">S. Eko Putra Widoyoko</subfield>
    </datafield>
    <datafield tag="250" ind1="#" ind2="#">
      <subfield code="a">Cetakan ke 9</subfield>
    </datafield>
    <datafield tag="260" ind1="#" ind2="#">
      <subfield code="a">Yogyakarta :</subfield>
      <subfield code="b">Pustaka Pelajar,</subfield>
      <subfield code="c">2017</subfield>
    </datafield>
    <datafield tag="300" ind1="#" ind2="#">
      <subfield code="a">300 halaman :</subfield>
      <subfield code="b">ilus ;</subfield>
      <subfield code="c">21 cm</subfield>
    </datafield>
    <datafield tag="650" ind1="#" ind2="4">
      <subfield code="a">Psikologi Pendidikan</subfield>
    </datafield>
    <datafield tag="520" ind1="#" ind2="#">
      <subfield code="a">Evaluasi pada dasarnya sebagai dasar keputusan, menyusun kebijakan, maupun program selanjutnya untuk keputusan Apakah akan dilanjutkan, diperbaiki, atau dihentikan? Wujud dari hasil evaluasi terutama adalah rekomendasi dari evaluator untuk mengambil keputusan (decision maker).&#13;
&#13;
Kegiatan evaluasi merupakan bagian yang tak terpisahkan dari suatu upaya apapun yang terprogram, tak terkecuali bagi program pembelajaran sebagai bagian dari program pendidikan, direncanakan untuk memperbaiki bidang pendidikan, sedangkan evaluasi mikro sering digunakan ditingkat kelas, sasarannya adalah program pembelajaran di kelas dan penanggung jawabnya adalah guru untuk sekolah atau perguruan tinggi. &#13;
&#13;
Melaksanakan evaluasi program pembelajaran memang merupakan tugas pokok seorang evaluator dalam manajemen sekolah. Akan tetapi, bukan berarti evaluator saja yang harus memahami model-model evaluasi program pembelajaran. Calon pendidik, para pendidik, dan praktisi lain, menawarkan bagian alternatif model evaluasi program bagi kepala sekolah, pendidik, calon pendidik, maupun berbagai pihak yang berkepentingan dengan memanajemen sekolah dalam mengevaluasi program pembelajaran.</subfield>
    </datafield>
    <datafield tag="990" ind1="#" ind2="#">
      <subfield code="a">200919203</subfield>
    </datafield>
    <datafield tag="990" ind1="#" ind2="#">
      <subfield code="a">200919202</subfield>
    </datafield>
    <datafield tag="990" ind1="#" ind2="#">
      <subfield code="a">131015867</subfield>
    </datafield>
    <datafield tag="990" ind1="#" ind2="#">
      <subfield code="a">131016071</subfield>
    </datafield>
  </record>
</collection>
